Effektivität und Arbeitsproduktivität in der ökonomischen Strategie der SED

Na minha lista:
Detalhes bibliográficos
Formato: Livro
Idioma:alemão
Publicado em: Berlin Dietz 1985
Edição:1. Aufl.
Tags: Adicionar Tag
Sem tags, seja o primeiro a adicionar uma tag!

MARC

LEADER 00000nam a2200000 4500
001 c024136
005 20221220081730.1
041 0 |a ger 
044 |a DE 
245 1 0 |a Effektivität und Arbeitsproduktivität in der ökonomischen Strategie der SED 
250 |a 1. Aufl. 
264 1 |a Berlin  |b Dietz  |c 1985 
300 |a 193 s.